Κώστας Ντιός : ζωγραφικές ενότητες περιόδου 1987-2000 = Kostas Dios : painting cycles, 1987-2000.
Αποθηκεύτηκε σε:
| Κύριος συγγραφέας: | |
|---|---|
| Μορφή: | Βιβλίο |
| Γλώσσα: | Greek English |
| Δημοσίευση: |
Κοζάνη :
Praxis Μ.Ε.Π.Ε.,
2001.
|
| Θέματα: | |
| Ετικέτες: |
Προσθήκη ετικέτας
Δεν υπάρχουν, Καταχωρήστε ετικέτα πρώτοι!
|
MARC
| LEADER | 00000cam a2200000 a 4500 | ||
|---|---|---|---|
| 001 | 1/109251 | ||
| 008 | 151029s2001####gr |||||||||||||| ||gre|| | ||
| 020 | |a 9608713005 | ||
| 040 | |a GR-MyUa |b gre |c GR-MyUa |e AACR2 | ||
| 041 | 0 | |a gre |a eng | |
| 082 | 7 | |a 700.92 |2 (23) | |
| 100 | 1 | |a Ντιός, Κώστας, |d 1959- | |
| 245 | 1 | 0 | |a Κώστας Ντιός : |b ζωγραφικές ενότητες περιόδου 1987-2000 = Kostas Dios : painting cycles, 1987-2000. |
| 246 | 1 | |i Παράλληλος τίτλος: |a Kostas Dios : painting cycles, 1987-2000 | |
| 260 | |a Κοζάνη : |b Praxis Μ.Ε.Π.Ε., |c 2001. | ||
| 300 | |a 165 σ. : |b εικ. |c 30 εκ. | ||
| 600 | 1 | 0 | |a Ντιός, Κώστας, |d 1959- |
| 852 | |a INST |b SYROS |e 20151029 |h 700.92 ΝΤΙ |p 005500011949 |q 005500011949 |t BK |y 0 | ||
| 970 | |a Κοντού |b Παρασκευή |z 29/10/2015 | ||